Robert Lucas - nositel Nobelovy ceny za ekonomii za rok 1995

Robert E. Lucas získal Nobelovu cenu za ekonómiu za r. 1995 za to, že rozpracoval a aplikoval hypotézu racionálnych očakávaní. Rozhodnutím švédskej Kráľovskej akadémie vied bol za ekonómiu ocenený smer ekonomického výskumu známy ako škola racionálnych očakávaní.

Guardado en:
Detalles Bibliográficos
Autor principal: Jonáš, Jiří
Formato: Capítulo de libro
Lenguaje:checo
Materias:
Etiquetas: Agregar Etiqueta
Sin Etiquetas, Sea el primero en etiquetar este registro!

MARC

LEADER 00000naa a2200000 4500
001 r021011
005 20230912085413.2
041 0 |a cze 
044 |a CZ 
245 1 0 |a Robert Lucas - nositel Nobelovy ceny za ekonomii za rok 1995  |c Jiří Jonáš 
520 |a Robert E. Lucas získal Nobelovu cenu za ekonómiu za r. 1995 za to, že rozpracoval a aplikoval hypotézu racionálnych očakávaní. Rozhodnutím švédskej Kráľovskej akadémie vied bol za ekonómiu ocenený smer ekonomického výskumu známy ako škola racionálnych očakávaní. 
610 2 0 |a škola očakávaní racionálnych 
610 2 0 |a Lucas, R.E. 
610 2 0 |a Nobelova cena 
610 2 0 |a 1995 
610 2 0 |a hypotézy 
610 2 0 |a teória cyklu 
610 2 0 |a rast hospodársky 
100 1 |a Jonáš, Jiří